000
00272nam a22001097a 4500
008
160621b xxu||||| |||| 00| 0 eng d
100
_9
212
_a
Kipling, R
245
_a
The Jungle Book
260
_a
Hydrabad
_b
Orient Longman
_c
2006
300
_a
The Jungle Book
942
_2
ddc
_c
BK
999
_c
171
_d
171